The Museum Environment (Record no. 301)

000 -LEADER
fixed length control field 00258nam a2200109Ia 4500
008 - FIXED-LENGTH DATA ELEMENTS--GENERAL INFORMATION
fixed length control field 200302s9999 xx 000 0 und d
100 ## - MAIN ENTRY--PERSONAL NAME
Personal name Garry Thomson
245 ## - TITLE STATEMENT
Title The Museum Environment
260 ## - PUBLICATION, DISTRIBUTION, ETC.
Name of publisher, distributor, etc. Butterworths Pvt. Ltd.
260 ## - PUBLICATION, DISTRIBUTION, ETC.
Date of publication, distribution, etc. 1978
300 ## - PHYSICAL DESCRIPTION
Extent 270 P.,
Holdings
Withdrawn status Lost status Source of classification or shelving scheme Damaged status Not for loan Permanent Location Current Location Date acquired Cost, normal purchase price Full call number Barcode Date last seen Price effective from Koha item type Public note
          BMS College of Architecture, Design and Planning BMS College of Architecture, Design and Planning 2020-03-03 552.00 069.53 CL-UG21164 2020-03-03 2020-03-03 UG Books from CL S-03
Copyright © 2025, The Librarian, Library and Information Centre, BMSCA D&P, Bengaluru. All Rights Reserved
web counter

Powered by Koha